00510nam a2200181Ia 4500003000400000005001700004008004100021020002200062040000700084041000800091082002100099100001600120245010200136260004300238300001600281365001300297650001800310OSt20230323114125.0210423s2016 xx 000 0 und d a978-81-219-4290-4 cAL aeng a660.6 223bDUBA aDUBEY (R C) aAdvanced biotechnologybFor B Sc and M Sc students of biotechnology and other biological sciences aNew DelhibS Chand & Company Ltdc2016 axx,1162bPB b595cINR aBiotechnology